Statistics for Famous Painters

Click here to take the quiz!

General Stats

  • This quiz has been taken 16,252 times
    (10,916 since last reset)
  • The average score is 16 of 32

Answer Stats

ClueNationalityPainter% Correct
Multi-talented Renaissance manItalianLeonardo Da Vinci
95%
Cut his ear off after a fight with the aboveDutchVincent Van Gogh
95%
Painted the ceiling of the Sistine ChapelItalianMichelangelo
91%
Considered the founders of CubismSpanishPablo Picasso
91%
Impressionist who made several series of water lilies, the Rouen cathedral, and the Houses of ParliamentFrenchClaude Monet
85%
Surrealist known for melting clocksSpanishSalvador Dali
85%
This pop-artist's New York studio was known as "The Factory"AmericanAndy Warhol
74%
Dutch Golden Age painter known for his many self-portraitsDutchRembrandt
73%
Female painter with a famous unibrowMexicanFrida Kahlo
70%
Street artist whose identity still remains a mystery to this day...BritishBanksy
65%
"The Scream" is his most famous paintingNorwegianEdvard Munch
65%
Apart from painting masterpieces like "The School of Athens", this High Renaissance painter was also involved in the construction of St. Peter's basilicaItalianRaphael
54%
Florentine Renaissance artist; "The Birth of Venus"ItalianSandro Botticelli
51%
Drip painter; died in a car crash at age 44AmericanJackson Pollock
50%
Depicted Tahitian women on beachesFrenchPaul Gauguin
50%
Artworks by this symbolist painter like "The Kiss" and "Portrait of Adele Bloch-Bauer" famously contain gold leavesAustrianGustav Klimt
47%
Impressionist painter, pastel drawer, and sculptor of dancing girlsFrenchEdgar Degas
43%
Painter from Delft who depicted many indoor scenes like "The Milkmaid"DutchJan Vermeer
39%
Painter of elongated figures who moved to ToledoGreekEl Greco
37%
Comics artist; his name sounds like a tiny European countryAmericanRoy Lichtenstein
37%
Husband of the above, mostly known for his mural paintingsMexicanDiego Rivera
35%
Often painted posters for the Moulin RougeFrenchHenri De Toulouse-Lautrec
34%
Pioneer of abstract art who was the head of a rejectionist movement known as "Der Blaue Reiter"RussianVassily Kandinsky
33%
Major leader of Fauvism who spent most of his later life in NiceFrenchHenri Matisse
32%
"Painter of Light"; reproduced many English landscapesBritishJ. M. W. Turner
32%
Court painter of King Philip IV during the 17th centurySpanishDiego Velázquez
30%
Surrealist who will tell that a drawing of a pipe isn't a pipeBelgianRené Magritte
30%
Depicted calm everyday life scenes of New YorkAmericanEdward Hopper
26%
Abstract rectangles painterDutchPiet Mondrian
26%
Considered the founders of CubismFrenchGeorges Braque
20%
"The Great Wave off Kanagawa" is the most famous of his series of prints showing different views of Mount FujiJapaneseHokusai
17%
Urban artist and anti-AIDS activist during the 1980'sAmericanKeith Haring
15%

Score Distribution

Percentile by Number Answered

Percent of People with Each Score

Your Score History

You have not taken this quiz since the last reset